[Event "Philadelphia Open"]
[Site "Philadelphia, PA"]
[Date "2011.04.22"]
[Round "4"]
[White "Adu, Oladapo"]
[Black "Lucente, Mike"]
[Result "1-0"]
[WhiteElo "2295"]
[BlackElo "2047"]
[PlyCount "47"]
[EventDate "2011.04.??"]
[EventType "swiss"]
[EventRounds "9"]
[EventCountry "USA"]
[Source "MonRoi"]

1. Nf3 d5 2. d4 Nf6 3. Bf4 c5 4. c3 e6 5. e3 Nc6 6. Nbd2 Be7 7. Bd3 Nh5 8. Be5
f5 9. h3 Nxe5 10. Nxe5 Nf6 11. g4 g6 12. Qf3 O-O 13. gxf5 exf5 14. Rg1 Ne4 15.
Nxg6 hxg6 16. Nxe4 dxe4 17. Rxg6+ Kf7 18. Qh5 Bf6 19. Bc4+ Ke7 20. dxc5 Be6 21.
Bxe6 Kxe6 22. Rd1 Qc8 23. Rd6+ Ke7 24. Qh6 1-0

[Event "Philadelphia Open"]
[Site "Philadelphia, PA"]
[Date "2011.04.22"]
[Round "4"]
[White "Shen, Victor"]
[Black "Tom, George"]
[Result "1-0"]
[WhiteElo "2269"]
[BlackElo "2087"]
[PlyCount "45"]
[EventDate "2011.04.??"]
[EventType "swiss"]
[EventRounds "9"]
[EventCountry "USA"]
[Source "MonRoi"]

1. e4 c5 2. Nf3 Nc6 3. d4 cxd4 4. Nxd4 e5 5. Nb5 d6 6. c4 Be6 7. N1c3 a6 8. Na3
Be7 9. Be2 Rc8 10. O-O Nd4 11. Bd3 Bg5 12. Qa4+ Bd7 13. Qb4 Nc6 14. Qxb7 Bxc1
15. Raxc1 Qa5 16. c5 Nb4 17. Nc4 Qxc5 18. Na4 Rc7 19. Qb8+ Rc8 20. Nxd6+ Kd8
21. Nxc8 Qa5 22. Ncb6+ Ke7 23. Rc5 1-0

[Event "Philadelphia Open"]
[Site "Philadelphia, PA"]
[Date "2011.04.22"]
[Round "4"]
[White "Daly, Troy"]
[Black "Kiewra, Keaton"]
[Result "0-1"]
[WhiteElo "2125"]
[BlackElo "2380"]
[PlyCount "70"]
[EventDate "2011.04.??"]
[EventType "swiss"]
[EventRounds "9"]
[EventCountry "USA"]
[Source "MonRoi"]

1. e4 c5 2. c4 Nc6 3. Ne2 g6 4. d4 cxd4 5. Nxd4 Bg7 6. Nc2 Nf6 7. Nc3 d6 8. Be2
O-O 9. h4 h5 10. Bg5 Be6 11. Ne3 Rc8 12. Rc1 Ne5 13. b3 b5 14. Bxf6 Bxf6 15.
Nxb5 Bd7 16. Nc3 Bc6 17. Qd2 e6 18. g4 Bxh4 19. Ng2 Bf6 20. gxh5 Kg7 21. f4 Nd7
22. Ne3 Nc5 23. Bf3 Rh8 24. Ke2 Qa5 25. h6+ Kg8 26. Ng4 Be7 27. h7+ Kf8 28. Qd3
e5 29. fxe5 Ne6 30. Qd2 Bg5 31. Qxd6+ Kg7 32. Nf6 Rcd8 33. Qe7 Rd2+ 34. Kf1
Qxe5 35. Ng4 Qg3 0-1

[Event "Philadelphia Open"]
[Site "Philadelphia, PA"]
[Date "2011.04.22"]
[Round "4"]
[White "Gorman, Dov"]
[Black "Heredia, Carla"]
[Result "1-0"]
[WhiteElo "2292"]
[BlackElo "2104"]
[PlyCount "63"]
[EventDate "2011.04.??"]
[EventType "swiss"]
[EventRounds "9"]
[EventCountry "USA"]
[Source "MonRoi"]

1. e4 c6 2. d4 d5 3. exd5 cxd5 4. c4 Nf6 5. Nc3 Nc6 6. Bg5 Be6 7. Nf3 g6 8.
Bxf6 exf6 9. Be2 Qd7 10. O-O Bg7 11. Rc1 O-O 12. Qd2 Rfd8 13. Rfd1 Ne7 14. c5
f5 15. b4 h6 16. Nb5 a6 17. Nd6 Nc8 18. Ne5 Qe7 19. Nxc8 Bxc8 20. f4 Bd7 21.
Re1 Bxe5 22. dxe5 d4 23. Qxd4 Bc6 24. Qe3 Rd7 25. Bc4 Be4 26. Rcd1 Rad8 27. Rd6
Rxd6 28. cxd6 Qd7 29. Rc1 Rc8 30. Bb3 Rxc1+ 31. Qxc1 Qb5 32. Qc4 1-0

[Event "Philadelphia Open"]
[Site "Philadelphia, PA"]
[Date "2011.04.22"]
[Round "4"]
[White "Shetty, Atulya"]
[Black "Aramil, William"]
[Result "1-0"]
[WhiteElo "2094"]
[BlackElo "2277"]
[PlyCount "83"]
[EventDate "2011.04.??"]
[EventType "swiss"]
[EventRounds "9"]
[EventCountry "USA"]
[Source "MonRoi"]

1. e4 b6 2. d4 Bb7 3. Bd3 e6 4. Nf3 c5 5. O-O cxd4 6. Nxd4 Nc6 7. Be3 Nf6 8.
Qe2 Ne5 9. h3 Be7 10. f4 Nxd3 11. cxd3 a6 12. Nc3 b5 13. a4 b4 14. Na2 Rc8 15.
Nc1 d5 16. e5 Nd7 17. Ncb3 Nc5 18. f5 Nxb3 19. Nxb3 exf5 20. Rxf5 g6 21. Rf2
O-O 22. Bh6 Bh4 23. Rf4 Bg5 24. Bxg5 Qxg5 25. Rxb4 Qe7 26. Rf4 Rb8 27. d4 Bc8
28. Nc5 a5 29. b3 Qg5 30. Raf1 Bxh3 31. Qf3 Bf5 32. Qxd5 Rfd8 33. Qf3 Rb4 34.
Ne4 Bxe4 35. Rxe4 Qe7 36. Rd1 Qa7 37. Qe3 Qb7 38. Rd3 Rb8 39. e6 Rxb3 40. Rxb3
Qxb3 41. Qxb3 Rxb3 42. e7 1-0

[Event "Philadelphia Open"]
[Site "Philadelphia, PA"]
[Date "2011.04.22"]
[Round "5"]
[White "Gelashvili, Tamaz"]
[Black "Perelshteyn, Eugene"]
[Result "1-0"]
[WhiteElo "2596"]
[BlackElo "2533"]
[PlyCount "131"]
[EventDate "2011.04.??"]
[EventType "swiss"]
[EventRounds "9"]
[EventCountry "USA"]
[Source "MonRoi"]

1. Nf3 Nf6 2. e3 g6 3. b4 Bg7 4. Bb2 O-O 5. c4 d6 6. Nc3 e5 7. d3 a5 8. b5 Nbd7
9. Be2 Re8 10. Nd2 Nc5 11. Nb3 Ne6 12. a4 c6 13. O-O d5 14. bxc6 bxc6 15. cxd5
Nxd5 16. Nxd5 cxd5 17. d4 e4 18. Bc3 f5 19. Qd2 f4 20. Nc5 f3 21. gxf3 exf3 22.
Bxf3 Ng5 23. Bg2 Bh3 24. f4 Bxg2 25. Kxg2 Ne4 26. Nxe4 Rxe4 27. Rf3 Ra6 28. Rb1
Rae6 29. Bxa5 Qd7 30. Rb8+ Re8 31. Rxe8+ Rxe8 32. Qd3 Qxa4 33. Be1 Qd7 34. Bf2
Qf5 35. Qxf5 gxf5 36. Rh3 h6 37. Rh5 Rf8 38. Kf3 Kh7 39. Be1 Kg6 40. Rh3 Rb8
41. Rg3+ Kf7 42. Rg2 Rb3 43. Rd2 Bf6 44. Ke2 Be7 45. Rc2 Rb6 46. h3 Ra6 47. Rb2
Ke6 48. Kf3 Ra1 49. Rb6+ Kd7 50. Rb7+ Ke8 51. Bf2 Bd8 52. h4 Ra6 53. h5 Ra1 54.
Rh7 Ra6 55. Rh8+ Kd7 56. Rf8 Bf6 57. Rf7+ Ke8 58. Rc7 Be7 59. Bg3 Rd6 60. Rb7
Rd7 61. Rb5 Kf7 62. Be1 Bf6 63. Bb4 Bd8 64. Bc5 Bf6 65. Rb6 Bg7 66. Bd6 1-0

[Event "Philadelphia Open"]
[Site "Philadelphia, PA"]
[Date "2011.04.22"]
[Round "5"]
[White "Amanov, Mesgen"]
[Black "Becerra Rivero, Julio"]
[Result "0-1"]
[WhiteElo "2495"]
[BlackElo "2549"]
[PlyCount "110"]
[EventDate "2011.04.??"]
[EventType "swiss"]
[EventRounds "9"]
[EventCountry "USA"]
[Source "MonRoi"]

1. d4 g6 2. c4 Bg7 3. g3 Nf6 4. Bg2 O-O 5. Nc3 d6 6. Nf3 Nc6 7. O-O a6 8. h3
Rb8 9. e4 b5 10. cxb5 axb5 11. Re1 b4 12. Nd5 Ne8 13. Bg5 h6 14. Be3 e6 15. Nf4
Ne7 16. Rc1 Bb7 17. Qc2 Ra8 18. b3 Ra5 19. Bd2 Qa8 20. a4 bxa3 21. Bxa5 Qxa5
22. b4 Qa8 23. Ra1 e5 24. dxe5 dxe5 25. Ne2 Bxe4 26. Qb3 Nd6 27. Rxa3 Qb7 28.
Nh4 Rb8 29. Nc3 Bxg2 30. Nxg2 Nef5 31. Rb1 Nd4 32. Qd5 Qc8 33. g4 Qe8 34. Ra7
N6b5 35. Raa1 Nxc3 36. Qc4 Nxb1 37. Rxb1 c6 38. Ne3 Bf8 39. h4 e4 40. Nc2 Rb5
41. Re1 Re5 42. Nxd4 Qd7 43. Nxc6 Qxg4+ 44. Kf1 Re8 45. Re3 Qxh4 46. b5 Qh1+
47. Ke2 Qh5+ 48. Kd2 Qf5 49. f3 Qd7+ 50. Kc2 exf3 51. Rxf3 Re1 52. Rd3 Qf5 53.
Qd5 Qf1 54. Rd2 Rc1+ 55. Kb3 Rc5 0-1

[Event "Philadelphia Open"]
[Site "Philadelphia, PA"]
[Date "2011.04.22"]
[Round "5"]
[White "Stocek, Jiri"]
[Black "Kekelidze, Mikheil"]
[Result "1/2-1/2"]
[WhiteElo "2580"]
[BlackElo "2460"]
[PlyCount "94"]
[EventDate "2011.04.??"]
[EventType "swiss"]
[EventRounds "9"]
[EventCountry "USA"]
[Source "MonRoi"]

1. d4 d6 2. Nf3 g6 3. e4 Bg7 4. Bd3 c5 5. c3 Nf6 6. O-O O-O 7. h3 cxd4 8. cxd4
d5 9. e5 Ne4 10. Nbd2 Bf5 11. Qe2 Nxd2 12. Bxd2 Qd7 13. b4 Bxd3 14. Qxd3 Nc6
15. b5 Nd8 16. a4 Ne6 17. Rac1 Rfc8 18. Qb3 f6 19. exf6 exf6 20. Rfe1 Bf8 21.
g3 Qd6 22. Kg2 Rxc1 23. Rxc1 Rd8 24. Ba5 Re8 25. Rc2 Kf7 26. b6 axb6 27. Bxb6
Qb4 28. Qxb4 Bxb4 29. Rb2 Be7 30. Rb5 Ra8 31. a5 Bd8 32. Bxd8 Nxd8 33. Rxd5 Nc6
34. Rd7+ Ne7 35. Rxb7 Rxa5 36. Nd2 Rd5 37. Nb3 h5 38. Kf3 Rf5+ 39. Ke2 Ke8 40.
Nc5 Rd5 41. Kd3 Nc6 42. Ne6 Ra5 43. Kc4 Ra2 44. Kc5 Ne7 45. Nc7+ Kd8 46. Nb5
Rc2+ 47. Kb4 Rxf2 1/2-1/2

[Event "Philadelphia Open"]
[Site "Philadelphia, PA"]
[Date "2011.04.22"]
[Round "5"]
[White "Mandiza, Farai"]
[Black "Mitkov, Nikola"]
[Result "0-1"]
[WhiteElo "2412"]
[BlackElo "2529"]
[PlyCount "114"]
[EventDate "2011.04.??"]
[EventType "swiss"]
[EventRounds "9"]
[EventCountry "USA"]
[Source "MonRoi"]

1. g3 d5 2. Bg2 c6 3. Nf3 Bg4 4. O-O Nd7 5. d4 e6 6. Nbd2 Bd6 7. e4 Ne7 8. Re1
O-O 9. h3 Bh5 10. c3 Re8 11. a4 a5 12. e5 Bc7 13. b4 b5 14. axb5 axb4 15. Rxa8
Qxa8 16. cxb4 cxb5 17. g4 Bg6 18. Bf1 Rb8 19. Bb2 Nb6 20. Qb3 Nc4 21. Ra1 Qb7
22. Qa2 Nc6 23. Bc3 Bb6 24. Nb3 Qe7 25. Nc5 h5 26. Qa6 hxg4 27. hxg4 Bxc5 28.
dxc5 Be4 29. Bg2 Bxf3 30. Qxc6 Bxg2 31. Kxg2 Qh4 32. Ra8 Rxa8 33. Qxa8+ Kh7 34.
c6 Qxg4+ 35. Kh2 Qf4+ 36. Kg2 Qe4+ 37. Kg1 d4 38. Bxd4 Nd2 39. Qa3 Nf3+ 40. Kf1
Nh2+ 41. Kg1 Nf3+ 42. Kf1 Nxd4 43. Qh3+ Kg8 44. c7 Qa8 45. Kg1 Ne2+ 46. Kh2 Nf4
47. Qf1 Qc6 48. Kg3 Nd5 49. Qxb5 Qxb5 50. c8=Q+ Kh7 51. Qf8 Kg6 52. Qc8 Qd3+
53. f3 Nxb4 54. Qc5 Nd5 55. Qg1 Kh7 56. Qh1+ Kg8 57. Qh4 Ne3 0-1

[Event "Philadelphia Open"]
[Site "Philadelphia, PA"]
[Date "2011.04.22"]
[Round "5"]
[White "Ludwig, Daniel"]
[Black "Adu, Oladapo"]
[Result "1-0"]
[WhiteElo "2450"]
[BlackElo "2295"]
[PlyCount "51"]
[EventDate "2011.04.??"]
[EventType "swiss"]
[EventRounds "9"]
[EventCountry "USA"]
[Source "MonRoi"]

1. d4 d6 2. e4 g6 3. Nc3 Bg7 4. Be3 c6 5. Qd2 Qc7 6. f4 b5 7. Bd3 Nd7 8. Nf3
Nb6 9. b3 Bg4 10. O-O Nf6 11. h3 Bxf3 12. Rxf3 a5 13. f5 O-O 14. Raf1 b4 15.
Ne2 c5 16. dxc5 dxc5 17. Bf4 Qa7 18. e5 Nfd5 19. Kh1 Rad8 20. Bh6 Nd7 21. fxg6
hxg6 22. Bxg7 Kxg7 23. Qg5 Qb6 24. Ng3 Qe6 25. Nf5+ Kg8 26. Nh6+ 1-0

[Event "Philadelphia Open"]
[Site "Philadelphia, PA"]
[Date "2011.04.22"]
[Round "5"]
[White "Shen, Victor"]
[Black "Fedorowicz, John"]
[Result "1/2-1/2"]
[WhiteElo "2269"]
[BlackElo "2444"]
[PlyCount "88"]
[EventDate "2011.04.??"]
[EventType "swiss"]
[EventRounds "9"]
[EventCountry "USA"]
[Source "MonRoi"]

1. e4 c5 2. Nf3 Nc6 3. d4 cxd4 4. Nxd4 Qb6 5. Nb3 Nf6 6. Nc3 e6 7. Qe2 d6 8.
Be3 Qc7 9. g4 h6 10. h4 a6 11. Rg1 Nd7 12. O-O-O b5 13. Kb1 Nb6 14. Nd4 Na5 15.
Bg2 Bd7 16. Qe1 b4 17. Nce2 Nac4 18. Bc1 a5 19. e5 dxe5 20. Bxa8 Nxa8 21. Nf3
Bc6 22. Nd2 Nxd2+ 23. Qxd2 Be7 24. g5 hxg5 25. hxg5 a4 26. Qd3 Nb6 27. Ng3 Rh4
28. Rge1 Nd7 29. f3 Nc5 30. Qe2 b3 31. cxb3 axb3 32. a3 e4 33. Nxe4 Nxe4 34.
fxe4 Bxe4+ 35. Ka1 Qc6 36. Rd4 Bf3 37. Qd3 Rxd4 38. Qxd4 f6 39. Qd3 f5 40. Qxb3
Bd5 41. Qd3 Kf7 42. Bd2 Kg6 43. Qd4 Bc5 44. Qc3 Qb5 1/2-1/2

[Event "Philadelphia Open"]
[Site "Philadelphia, PA"]
[Date "2011.04.22"]
[Round "5"]
[White "Holt, Conrad"]
[Black "Bartholomew, John"]
[Result "1/2-1/2"]
[WhiteElo "2408"]
[BlackElo "2442"]
[PlyCount "51"]
[EventDate "2011.04.??"]
[EventType "swiss"]
[EventRounds "9"]
[EventCountry "USA"]
[Source "MonRoi"]

1. d4 Nf6 2. c4 c5 3. d5 b5 4. cxb5 a6 5. bxa6 g6 6. Nc3 Bxa6 7. e4 Bxf1 8.
Kxf1 d6 9. g3 Bg7 10. Kg2 O-O 11. Nf3 Nbd7 12. Re1 Ng4 13. Qe2 Nge5 14. Nxe5
Nxe5 15. f4 Nd7 16. Bd2 Qb6 17. b3 Rfc8 18. a4 Bxc3 19. Bxc3 Qxb3 20. Rec1 Rxa4
21. Qg4 Rd8 22. Rab1 Qc4 23. Qxd7 Qe2+ 24. Kg1 Qe3+ 25. Kg2 Qe2+ 26. Kg1
1/2-1/2

[Event "Philadelphia Open"]
[Site "Philadelphia, PA"]
[Date "2011.04.22"]
[Round "5"]
[White "Weiss, Allen"]
[Black "Bryant, John"]
[Result "1/2-1/2"]
[WhiteElo "2183"]
[BlackElo "2418"]
[PlyCount "144"]
[EventDate "2011.04.??"]
[EventType "swiss"]
[EventRounds "9"]
[EventCountry "USA"]
[Source "MonRoi"]

1. d4 c5 2. d5 e6 3. c4 exd5 4. cxd5 d6 5. Nf3 g6 6. Nc3 Nf6 7. Bf4 a6 8. Nd2
b5 9. a4 b4 10. Nce4 Nxe4 11. Nxe4 f5 12. Ng5 Bg7 13. Rb1 h6 14. Ne6 Bxe6 15.
dxe6 d5 16. g3 Nc6 17. Bg2 Ne7 18. h4 Qb6 19. O-O O-O 20. a5 Qxe6 21. Qc1 Rac8
22. Bxh6 c4 23. Rd1 Rc5 24. Bxg7 Kxg7 25. Qd2 Rb5 26. Qd4+ Qf6 27. Qa7 Rf7 28.
Qa8 Qd6 29. Rbc1 f4 30. g4 Qc5 31. Qxa6 Rf6 32. Qa8 Rf8 33. Qa6 Rf6 34. Qa8 Rf8
35. Qa6 Rxa5 36. Qe6 Rf6 37. Qe5 Qd6 38. Qg5 Rc5 39. Rd4 Rf8 40. Rcd1 c3 41.
bxc3 bxc3 42. Rc1 c2 43. Be4 Nc6 44. Rxd5 Rxd5 45. Qxd5 Qxd5 46. Bxd5 Nd4 47.
Kg2 Rc8 48. Be4 Rc3 49. g5 Rb3 50. Rxc2 Nxc2 51. Bxc2 Ra3 52. Bd3 Ra8 53. Kf3
Rf8 54. Be4 Rf7 55. Kg4 Rf8 56. h5 gxh5+ 57. Kxh5 Re8 58. Bd3 Rb8 59. Kg4 Rb4
60. Kf3 Ra4 61. Be4 Ra2 62. Kxf4 Rxe2 63. Kf3 Ra2 64. Kg3 Ra3+ 65. Kg4 Ra4 66.
f3 Rb4 67. Kf5 Rb5+ 68. Kf4 Rb4 69. Kf5 Rb5+ 70. Kf4 Rb4 71. Ke3 Rb3+ 72. Kd4
Rxf3 1/2-1/2

[Event "Philadelphia Open"]
[Site "Philadelphia, PA"]
[Date "2011.04.22"]
[Round "5"]
[White "Arnold, Marc"]
[Black "Harmon-Vellotti, Luke"]
[Result "1/2-1/2"]
[WhiteElo "2435"]
[BlackElo "2128"]
[PlyCount "108"]
[EventDate "2011.04.??"]
[EventType "swiss"]
[EventRounds "9"]
[EventCountry "USA"]
[Source "MonRoi"]

1. d4 Nf6 2. c4 e6 3. Nf3 b6 4. Nc3 Bb4 5. Bg5 Bb7 6. e3 O-O 7. Bd3 d5 8. cxd5
exd5 9. Ne5 c5 10. O-O cxd4 11. exd4 Nc6 12. Qa4 Bxc3 13. bxc3 Qd6 14. Bxf6
gxf6 15. Ng4 Kg7 16. Qd1 Bc8 17. Ne3 Ne7 18. Qh5 h6 19. f4 Bd7 20. Rf3 Rh8 21.
Bf5 Nxf5 22. Qxf5 Kf8 23. Qh5 Rc8 24. Ng4 Bxg4 25. Qxg4 Qe6 26. f5 Qe2 27. Qf4
Qe7 28. Re3 Qc7 29. Qh4 Qd6 30. Rae1 Rh7 31. Qh5 Qf4 32. Qe2 Qxf5 33. Rf3 Qe6
34. Qxe6 fxe6 35. Rxf6+ Rf7 36. Rxh6 Rxc3 37. Rhxe6 Rd3 38. h4 Rxd4 39. h5 Rh4
40. R1e5 d4 41. g3 Rg4 42. Kg2 Kg8 43. Re7 Rxe7 44. Rxe7 Rg5 45. h6 Rh5 46. h7+
Rxh7 47. Rxh7 Kxh7 48. Kf3 Kg6 49. Ke4 Kg5 50. Kxd4 Kg4 51. Kd5 Kxg3 52. Kc6
Kf4 53. Kb7 Ke5 54. Kxa7 b5 1/2-1/2

[Event "Philadelphia Open"]
[Site "Philadelphia, PA"]
[Date "2011.04.22"]
[Round "5"]
[White "Stopa, Jacek"]
[Black "Kulic, Sasa"]
[Result "1/2-1/2"]
[WhiteElo "2453"]
[BlackElo "2201"]
[PlyCount "81"]
[EventDate "2011.04.??"]
[EventType "swiss"]
[EventRounds "9"]
[EventCountry "USA"]
[Source "MonRoi"]

1. e4 c5 2. Nf3 Nc6 3. d4 cxd4 4. Nxd4 g6 5. c4 Bg7 6. Be3 Nf6 7. Nc3 Ng4 8.
Qxg4 Nxd4 9. Qd1 e5 10. Bd3 O-O 11. O-O d6 12. Qd2 Be6 13. Ne2 Rc8 14. b3 a6
15. Nxd4 exd4 16. Bh6 Bxh6 17. Qxh6 Qa5 18. f4 f5 19. Rae1 Rc7 20. Qg5 Rcf7 21.
e5 Qxa2 22. exd6 Qxb3 23. Rxe6 Qxd3 24. c5 Qa3 25. Re5 b6 26. h4 bxc5 27. h5
Rg7 28. h6 Rgf7 29. Kh2 Qa5 30. Rc1 Qd8 31. Qxd8 Rxd8 32. Rcxc5 Rfd7 33. Rc7
Kf8 34. Rxd7 Rxd7 35. Rd5 Kf7 36. Rxd4 Ke6 37. Rb4 Rxd6 38. Rb7 Rd7 39. Rb6+
Rd6 40. Rb7 Rd7 41. Rb6+ 1/2-1/2

[Event "Philadelphia Open"]
[Site "Philadelphia, PA"]
[Date "2011.04.22"]
[Round "5"]
[White "Lapshun, Yury"]
[Black "Fikiet, Alex"]
[Result "1-0"]
[WhiteElo "2438"]
[BlackElo "2233"]
[PlyCount "137"]
[EventDate "2011.04.??"]
[EventType "swiss"]
[EventRounds "9"]
[EventCountry "USA"]
[Source "MonRoi"]

1. d4 Nf6 2. Bg5 e6 3. e4 c5 4. d5 d6 5. Nc3 Be7 6. Bb5+ Kf8 7. Nf3 e5 8. Be2
Nbd7 9. O-O h6 10. Be3 g6 11. Nd2 Kg7 12. a4 h5 13. f4 h4 14. Nc4 Nh5 15. Bxh5
Rxh5 16. Qf3 Qf8 17. a5 Rb8 18. Nb5 a6 19. Nc3 exf4 20. Bxf4 Ne5 21. Bxe5+ dxe5
22. d6 Bd8 23. Nd5 Be6 24. Rad1 Rg5 25. Qc3 f6 26. Qe3 Qe8 27. Qxc5 Rc8 28. Nc7
Bxc7 29. dxc7 Bxc4 30. Qxc4 Qe7 31. Qb3 Rxc7 32. Rd5 Rh5 33. Rfd1 Rh8 34. Rd6
g5 35. R1d5 Rf8 36. Qd3 Rf7 37. c4 Qe8 38. b3 Qc8 39. h3 Qe8 40. Qd1 Rfe7 41.
Qg4 Qc8 42. Rd8 Qxg4 43. hxg4 Rc6 44. c5 Kf7 45. b4 Ke6 46. Kf2 Rec7 47. Rd2
Rc8 48. R8d5 R8c7 49. Ke2 Rc8 50. R2d3 R8c7 51. Kd2 Ke7 52. Rd8 Ke6 53. Kc3 Rc8
54. R8d5 R8c7 55. Kc4 Ke7 56. Kb3 Ke6 57. Rd1 Rc8 58. R1d3 R8c7 59. Kc4 Rc8 60.
Rd6+ Rxd6 61. Rxd6+ Ke7 62. b5 axb5+ 63. Kxb5 Ra8 64. Rb6 Ra7 65. Ka4 Kf7 66.
Kb4 Ke7 67. Kb5 Kf7 68. c6 bxc6+ 69. Rxc6 1-0

[Event "Philadelphia Open"]
[Site "Philadelphia, PA"]
[Date "2011.04.22"]
[Round "5"]
[White "Belliard Alonzo, Luis"]
[Black "Yang, Darwin"]
[Result "0-1"]
[WhiteElo "2212"]
[BlackElo "2416"]
[PlyCount "68"]
[EventDate "2011.04.??"]
[EventType "swiss"]
[EventRounds "9"]
[EventCountry "USA"]
[Source "MonRoi"]

1. d4 d5 2. Nf3 Nf6 3. c4 c6 4. Nc3 e6 5. Bg5 dxc4 6. e4 b5 7. e5 h6 8. Bh4 g5
9. exf6 gxh4 10. g3 Qxf6 11. Bg2 h3 12. Bxh3 Nd7 13. O-O Bb7 14. Bg2 Bg7 15. a4
a6 16. Ne4 Qe7 17. Qc2 O-O 18. Rfe1 Rad8 19. h4 c5 20. axb5 axb5 21. Ra7 Bxe4
22. Rxe4 cxd4 23. Rb7 Qc5 24. Qd2 c3 25. bxc3 dxc3 26. Qc2 Ne5 27. Nxe5 Rd2 28.
Nd3 Qc8 29. Re2 Rxc2 30. Rxc2 Rd8 31. Nb4 Qc5 32. Na6 Qd6 33. Ra2 Qd1+ 34. Kh2
c2 0-1

[Event "Philadelphia Open"]
[Site "Philadelphia, PA"]
[Date "2011.04.22"]
[Round "5"]
[White "Kiewra, Keaton"]
[Black "Leutwyler, Martin"]
[Result "1-0"]
[WhiteElo "2380"]
[BlackElo "2164"]
[PlyCount "45"]
[EventDate "2011.04.??"]
[EventType "swiss"]
[EventRounds "9"]
[EventCountry "USA"]
[Source "MonRoi"]

1. e4 Nf6 2. e5 Nd5 3. d4 d6 4. Nf3 dxe5 5. Nxe5 c6 6. Bc4 Nd7 7. Nf3 N7f6 8.
O-O Bg4 9. h3 Bh5 10. Re1 e6 11. Nbd2 Bd6 12. Nf1 Qc7 13. Be2 Nf4 14. Bxf4 Bxf4
15. Ne5 Bxe5 16. Bxh5 Nxh5 17. Qxh5 Bxd4 18. Rxe6+ Kf8 19. Re4 g6 20. Qf3 Qb6
21. c3 Bc5 22. Qf6 Rg8 23. b4 1-0

[Event "Philadelphia Open"]
[Site "Philadelphia, PA"]
[Date "2011.04.22"]
[Round "5"]
[White "Tuhrim, Richard"]
[Black "Figler, Ilya"]
[Result "1/2-1/2"]
[WhiteElo "2130"]
[BlackElo "2299"]
[PlyCount "22"]
[EventDate "2011.04.??"]
[EventType "swiss"]
[EventRounds "9"]
[EventCountry "USA"]
[Source "MonRoi"]

1. d4 Nf6 2. c4 e6 3. g3 c5 4. d5 exd5 5. cxd5 b5 6. a4 Bb7 7. Bg2 a6 8. e4 d6
9. Qe2 Nbd7 10. Nf3 c4 11. O-O Ne5 1/2-1/2

[Event "Philadelphia Open"]
[Site "Philadelphia, PA"]
[Date "2011.04.22"]
[Round "5"]
[White "Bonin, Jay"]
[Black "Shetty, Atulya"]
[Result "1/2-1/2"]
[WhiteElo "2296"]
[BlackElo "2094"]
[PlyCount "63"]
[EventDate "2011.04.??"]
[EventType "swiss"]
[EventRounds "9"]
[EventCountry "USA"]
[Source "MonRoi"]

1. d4 d5 2. Nf3 Nf6 3. c4 c6 4. Qb3 dxc4 5. Qxc4 Bf5 6. Nbd2 e6 7. g3 Nbd7 8.
Bg2 Be7 9. O-O O-O 10. Qb3 Qc8 11. Nc4 c5 12. Bf4 cxd4 13. Nd6 Qc2 14. Qxc2
Bxc2 15. Nxd4 e5 16. N6f5 Bxf5 17. Nxf5 Bc5 18. Be3 Bxe3 19. Nxe3 Rad8 20. Rac1
b6 21. Rc7 Nc5 22. Rxa7 Rd2 23. Rb1 g6 24. Nc4 Rxe2 25. Nxb6 e4 26. Ra3 Rb8 27.
Nc4 Rc2 28. Bf1 Ng4 29. Ne3 Nxe3 30. Rxe3 Rbxb2 31. Rxb2 Rxb2 32. Rc3 1/2-1/2

[Event "Philadelphia Open"]
[Site "Philadelphia, PA"]
[Date "2011.04.22"]
[Round "5"]
[White "Juac, Majur"]
[Black "Gorman, Dov"]
[Result "1/2-1/2"]
[WhiteElo "2126"]
[BlackElo "2292"]
[PlyCount "98"]
[EventDate "2011.04.??"]
[EventType "swiss"]
[EventRounds "9"]
[EventCountry "USA"]
[Source "MonRoi"]

1. e4 c5 2. Nf3 d6 3. Nc3 Nf6 4. d4 cxd4 5. Nxd4 g6 6. Be3 Bg7 7. Bc4 O-O 8. f3
Nc6 9. Qd2 Bd7 10. O-O-O Qc7 11. Bb3 Rfc8 12. Kb1 Na5 13. Bh6 Bh8 14. h4 Nc4
15. Bxc4 Qxc4 16. g4 b5 17. Nf5 Bxf5 18. gxf5 b4 19. Ne2 Nh5 20. Rhg1 Rc5 21.
Rg5 Rac8 22. fxg6 hxg6 23. Rxc5 Rxc5 24. Qd3 Qxd3 25. Rxd3 Bf6 26. Be3 Rc4 27.
Bxa7 Bxh4 28. c3 bxc3 29. Rxc3 Ra4 30. Rc8+ Kg7 31. Bd4+ e5 32. Be3 Ra6 33. b4
Ra4 34. Bd2 Nf6 35. Kb2 d5 36. Kb3 Ra7 37. Nc3 dxe4 38. fxe4 Rd7 39. Bc1 Be1
40. Rc4 Rd3 41. Kc2 Rxc3+ 42. Rxc3 Bxc3 43. Kxc3 Nxe4+ 44. Kc4 Kf6 45. a4 Ke6
46. a5 Kd7 47. Kd5 Nc3+ 48. Kxe5 f6+ 49. Kxf6 Nd5+ 1/2-1/2

[Event "Philadelphia Open"]
[Site "Philadelphia, PA"]
[Date "2011.04.22"]
[Round "5"]
[White "Song, Michael"]
[Black "Aliyev, Timur"]
[Result "1/2-1/2"]
[WhiteElo "2062"]
[BlackElo "2280"]
[PlyCount "107"]
[EventDate "2011.04.??"]
[EventType "swiss"]
[EventRounds "9"]
[EventCountry "USA"]
[Source "MonRoi"]

1. e4 c5 2. Nc3 Nc6 3. f4 g6 4. Nf3 Bg7 5. Bb5 Nd4 6. O-O a6 7. Bc4 e6 8. d3 b5
9. Bb3 d6 10. Nxd4 cxd4 11. Ne2 Ne7 12. Qe1 O-O 13. Qf2 Nc6 14. Kh1 f5 15. exf5
gxf5 16. Bd2 a5 17. a4 b4 18. Ng1 Kh8 19. Nf3 Qf6 20. Rae1 Ra7 21. Ng5 Re7 22.
Qf3 Nd8 23. Qa8 Bb7 24. Qxa5 h6 25. Nf3 Nc6 26. Qb5 Rb8 27. Qc4 d5 28. Qc5 Bf8
29. Ne5 Rg7 30. Qb6 Ba8 31. Qa6 Ra7 32. Qxc6 Bxc6 33. Nxc6 Rbb7 34. Nxa7 Rxa7
35. Re2 Ra6 36. Rfe1 Kg7 37. h3 h5 38. a5 Bc5 39. Ba4 Rd6 40. Bb5 Qd8 41. Ra1
Qb8 42. a6 b3 43. c4 dxc3 44. Bxc3+ d4 45. a7 Bxa7 46. Bb4 Rb6 47. Bc5 Rb7 48.
Rxa7 Rxa7 49. Bxd4+ Kf7 50. Bxa7 Qxb5 51. Rd2 Qa5 52. Be3 Qa1+ 53. Bg1 Qe1 54.
Rf2 1/2-1/2

[Event "Philadelphia Open"]
[Site "Philadelphia, PA"]
[Date "2011.04.22"]
[Round "5"]
[White "Barnett, Alex"]
[Black "Nahutin, Yevgeni"]
[Result "1-0"]
[WhiteElo "2280"]
[BlackElo "2032"]
[PlyCount "37"]
[EventDate "2011.04.??"]
[EventType "swiss"]
[EventRounds "9"]
[EventCountry "USA"]
[Source "MonRoi"]

1. e4 d6 2. d4 g6 3. Nc3 Bg7 4. Bg5 h6 5. Bh4 Nc6 6. d5 Ne5 7. f4 Nd7 8. Bf2
Ngf6 9. Nf3 e5 10. fxe5 Nxe5 11. Nxe5 dxe5 12. Bb5+ Bd7 13. Qf3 Qe7 14. O-O O-O
15. Bxd7 Nxd7 16. Rad1 f5 17. Nb5 fxe4 18. Qb3 Kh7 19. Nxc7 1-0

[Event "Philadelphia Open"]
[Site "Philadelphia, PA"]
[Date "2011.04.23"]
[Round "6"]
[White "Becerra Rivero, Julio"]
[Black "Gelashvili, Tamaz"]
[Result "1/2-1/2"]
[WhiteElo "2549"]
[BlackElo "2596"]
[PlyCount "21"]
[EventDate "2011.04.??"]
[EventType "swiss"]
[EventRounds "9"]
[EventCountry "USA"]
[Source "MonRoi"]

1. e4 Nc6 2. Nf3 d6 3. d4 Nf6 4. Nc3 g6 5. Bb5 a6 6. Bxc6+ bxc6 7. O-O Bg7 8.
h3 O-O 9. Re1 h6 10. e5 Nd7 11. Qd3 1/2-1/2

[Event "Philadelphia Open"]
[Site "Philadelphia, PA"]
[Date "2011.04.23"]
[Round "6"]
[White "Mitkov, Nikola"]
[Black "Ludwig, Daniel"]
[Result "1-0"]
[WhiteElo "2529"]
[BlackElo "2450"]
[PlyCount "51"]
[EventDate "2011.04.??"]
[EventType "swiss"]
[EventRounds "9"]
[EventCountry "USA"]
[Source "MonRoi"]

1. e4 c5 2. Nc3 e6 3. Nf3 a6 4. d4 cxd4 5. Nxd4 d6 6. Bd3 Nf6 7. O-O Be7 8. f4
Nbd7 9. Kh1 O-O 10. Bd2 Nc5 11. Qf3 Nxd3 12. cxd3 Qb6 13. Nb3 a5 14. Be3 Qa6
15. Nd4 a4 16. Rad1 Qa5 17. a3 Bd7 18. g4 Bc6 19. g5 Nd7 20. Qh3 Nc5 21. f5
exf5 22. Nxf5 Qd8 23. Nxg7 Kxg7 24. Qh6+ Kg8 25. Rf3 Qc8 26. Bd4 1-0